Huellas de la guerra patria de 1965 : (Registro nro. 13813)

Detalles MARC
000 -LEADER
fixed length control field 01055nam a2200289 a 4500
001 - CONTROL NUMBER
control field
003 - CONTROL NUMBER IDENTIFIER
control field DO-SdBNP
005 - DATE AND TIME OF LATEST TRANSACTION
control field 20211026072139.0
008 - FIXED-LENGTH DATA ELEMENTS--GENERAL INFORMATION
fixed length control field 090716s2008 dr a 000 0 spa d
020 ## - INTERNATIONAL STANDARD BOOK NUMBER
International Standard Book Number 9993475084
040 ## - CATALOGING SOURCE
Original cataloging agency DO-SdBNP
Language of cataloging spa
Transcribing agency BPMSU
082 ## - DEWEY DECIMAL CLASSIFICATION NUMBER
Classification number RD863.08
Item number H887g, 2008
Edition number 22
245 00 - TITLE STATEMENT
Title Huellas de la guerra patria de 1965 :
Remainder of title cuentos y relatos /
Statement of responsibility, etc. compilación, edición y notas, Miguel Collado, Eric Simó ; prólogo Manuel Mora Serrano.
260 ## - PUBLICATION, DISTRIBUTION, ETC. (IMPRINT)
Place of publication, distribution, etc. Santo Domingo :
Name of publisher, distributor, etc. CPEP,
Date of publication, distribution, etc. 2008.
300 ## - PHYSICAL DESCRIPTION
Extent 174 p. :
Other physical details il., retrs. ;
Dimensions 22 cm.
590 ## - LOCAL NOTE (RLIN)
Local note Inventariado, 2021/VM
650 #4 - SUBJECT ADDED ENTRY--TOPICAL TERM
Topical term or geographic name as entry element Cuentos dominicanos
General subdivision Colecciones
650 #4 - SUBJECT ADDED ENTRY--TOPICAL TERM
Topical term or geographic name as entry element Cuentos históricos dominicanos
General subdivision Colecciones
651 #4 - SUBJECT ADDED ENTRY--GEOGRAPHIC NAME
Geographic name República Dominica
General subdivision Historia
-- Revolución
Chronological subdivision 1965
General subdivision Antología Literaria
700 1# - ADDED ENTRY--PERSONAL NAME
Personal name Collado, Miguel A.,
Dates associated with a name 1954-
Relator term comp.
700 1# - ADDED ENTRY--PERSONAL NAME
Personal name Simó, Eric,
Relator term comp.
700 1# - ADDED ENTRY--PERSONAL NAME
Personal name Mora Serrano, Mora,
Relator term pról.
700 z# - ADDED ENTRY--PERSONAL NAME
Personal name Collado, Miguel,
Dates associated with a name 1954-
710 1# - ADDED ENTRY--CORPORATE NAME
Corporate name or jurisdiction name as entry element Comisión Permanente de Efemérides Patrias
910 ## - USER-OPTION DATA (OCLC)
User-option data VMateo V
942 ## - ADDED ENTRY ELEMENTS (KOHA)
Source of classification or shelving scheme Dewey Decimal Classification
Koha item type Libros
Existencias
Withdrawn status Lost status Source of classification or shelving scheme Damaged status Not for loan Collection code Home library Current library Date acquired Total Checkouts Full call number Barcode Date last seen Price effective from Koha item type Copy number
    Dewey Decimal Classification     Colección Dominicana Biblioteca Pública Metropolitana Salomé Ureña Biblioteca Pública Metropolitana Salomé Ureña 10/20/2021   BPMSU CD RD863.08 H887g, 2008 BPMSU21100131 10/20/2021 10/20/2021 Libros  
    Dewey Decimal Classification     Colección Dominicana Biblioteca Pública Metropolitana Salomé Ureña Biblioteca Pública Metropolitana Salomé Ureña 10/20/2021   BPMSU CD RD863.08 H887g, 2008 BPMSU21100148 10/26/2021 10/20/2021 Libros e.2
    Dewey Decimal Classification     Colección Dominicana Biblioteca Pública Metropolitana Salomé Ureña Biblioteca Pública Metropolitana Salomé Ureña 10/20/2021   BPMSU CD RD863.08 H887g 2008 BPMSU23020002 02/06/2023 10/20/2021 Libros e.3